00565nam a2200157Ia 4500003000900000008004100009040001600050080001700066245012500083260006800208300001700276650004100293650001900334700002800353700002600381IN-BaIIA211028s9999 xx 000 0 eng d cIIA Library a52-37bNAS-2 4aThe Soviet-American conference on cosmochemistry of the moon and planetscedited by John H Pomeroy and Norman J. Hubbard aWashingtonbNational Aeronautics and Space Administrationc1977 ax, 507-929p. aAstronomy and astrophysics thesaurus aOrigin of life aHubbard, Norman J., ed. aPomeroy, John H., ed.